| 000 | 00393nam a2200133Ia 4500 | ||
|---|---|---|---|
| 999 |
_c17083 _d17083 |
||
| 082 | _aRR.000; | ||
| 100 | _aRastogi, S.R. | ||
| 245 | 0 | _aMigration streams and the characteristics of the migrants in two selected cities of Uttar Pradesh | |
| 260 | _c1985 | ||
| 300 | _a29p. | ||
| 650 | _aMIGRATION, INTERNAL - UTTAR PRADESH | ||
| 710 | _aPopulation Research Centre, Lucknow | ||
| 942 |
_cRP _2ddc |
||